🪩Daft Punk Canciones - Muerte Súbita - Statistics

General Stats
  • This quiz has been taken 37 times
  • The average score is 9 of 21
Answers on the Grid
Answers color-coded by a green-red scale on the quiz's grid according to % correct below.
Around The World
Lose Yourself to Dance
Doin' It Right
Don't Stop
The New Wave
Get Unlucky
Alive
Short Circuit
Too Short
Megatron
Music Sounds Better With You
Daftendirekt
Technologic
Feel It
Harder, Better, Faster, Stronger
Radio Rules the Nation
The Knight Club
Instant Crush
Aerodynamic
The Prime Time of Your Life
Rollin' and Scratchin'
Human After All
Revolution 606
Face to Face
Digital Love
Memories
Something About Us
Touch
Give Life Back To Music
Veridis Quo
 
Answer Stats
Answer % Correct
Give Life Back To Music
67%
Harder, Better, Faster, Stronger
67%
Digital Love
56%
Human After All
56%
Lose Yourself to Dance
56%
Something About Us
56%
Veridis Quo
56%
Aerodynamic
44%
Alive
44%
Around The World
44%
Daftendirekt
44%
Doin' It Right
44%
Face to Face
44%
Instant Crush
44%
Short Circuit
44%
Technologic
44%
Rollin' and Scratchin'
33%
Touch
33%
Music Sounds Better With You
22%
The New Wave
22%
The Prime Time of Your Life
22%
No matching quizzes found
Score Distribution
Percent of People with Each Score
Percentile by Number Answered
Your Score History
You have not taken this quiz